| 000 -LEADER |
| fixed length control field |
01193nam a2200217Ia 4500 |
| 001 - CONTROL NUMBER |
| control field |
10481 |
| 003 - CONTROL NUMBER IDENTIFIER |
| control field |
GE_BSU |
| 008 - FIXED-LENGTH DATA ELEMENTS--GENERAL INFORMATION |
| fixed length control field |
181216s||||||||xx |||||||||||||| ||und|| |
| 040 ## - CATALOGING SOURCE |
| Transcribing agency |
GE_BSU |
| 080 ## - UNIVERSAL DECIMAL CLASSIFICATION NUMBER |
| Universal Decimal Classification number |
821.353.1–1 |
| 245 ## - TITLE STATEMENT |
| Title |
ქართული პოეზია. 15 ტომად:ტ.15. XX საუკუნის პოეზია |
| 245 ## - TITLE STATEMENT |
| Statement of responsibility, etc. |
სარედ.კოლ.გრიგოლ აბაშიძე.ან.კალანდაძე.მ.ლებანიძე და სხვ.ტომი შეადგინეს გივი გეგეჭკორმა.ემზარ კვიტაიშვილმა.ტარიელ ჭანტურიამ,მხატვ.დ.დუნდუა.წინასიტყვ.ავტ.ე.კვიტაიშვილი.ცნობარი შეადგ.თ.დოიაშვილმა.რედ.აკ.ბრეგაძე |
| 260 ## - PUBLICATION, DISTRIBUTION, ETC. |
| Place of publication, distribution, etc. |
თბილისი |
| 260 ## - PUBLICATION, DISTRIBUTION, ETC. |
| Name of publisher, distributor, etc. |
ნაკადული |
| 260 ## - PUBLICATION, DISTRIBUTION, ETC. |
| Date of publication, distribution, etc. |
1984 |
| 300 ## - PHYSICAL DESCRIPTION |
| Extent |
568გვ.18სმ. |
| 300 ## - PHYSICAL DESCRIPTION |
| Accompanying material |
ცნობარიგვ.545-552 |
| 653 ## - INDEX TERM--UNCONTROLLED |
| Uncontrolled term |
ქართული პოეზია |
| 942 ## - ADDED ENTRY ELEMENTS (KOHA) |
| Koha item type |
წიგნი |